| 000 | 00502nam a2200169Ia 4500 | ||
|---|---|---|---|
| 008 | 140626s9999 xx 000 0 und d | ||
| 100 | _aStarke, Mikaela. | ||
| 245 |
_aYoung adults with intellectual disability recall their childhood / _cMikaela Starke. |
||
| 260 | _cc2011. | ||
| 300 | _a15 : 4, page 229 | ||
| 440 | _aJournal of Intellectual Disabilities | ||
| 521 | _aSPED | ||
| 650 | _aAdolescence. | ||
| 650 | _aChildhood recollection. | ||
| 650 | _aIntellectual disability. | ||
| 942 | _cSE | ||
| 999 |
_c120952 _d120952 |
||